Salta al contenuto

Исследование основных характеристик пьезоэлектрических преобразователей ультразвуковых импульсных дефектоскопов общего назначения

Целью настоящей работы является исследование основных характеристик (параметров) пьезоэлектрических преобразователей ультразвуковых импульсных дефектоскопов общего назначения....

Descrizione completa

Salvato in:
Dettagli Bibliografici
Autore principale: Анисимова Г. В.
Natura: Книга
Lingua:Russian
Pubblicazione: Санкт-Петербург ПГУПС 2014
Accesso online:https://e.lanbook.com/books/element.php?pl1_id=49113
https://e.lanbook.com/img/cover/book/49113.jpg
Tags: Aggiungi Tag
Nessun Tag, puoi essere il primo ad aggiungerne! !
LEADER 01408nam0a2200229 i 4500
001 49113
003 RuSpLAN
005 20221220173925.0
008 221220s2014 ru gs 000 0 rus
040 |a RuSpLAN 
041 0 |a rus 
044 |a ru 
245 0 0 |a Исследование основных характеристик пьезоэлектрических преобразователей ультразвуковых импульсных дефектоскопов общего назначения  |c Анисимова Г. В. 
260 |a Санкт-Петербург  |b ПГУПС  |c 2014 
300 |a 15 с. 
504 |a Библиогр.: доступна в карточке книги, на сайте ЭБС Лань 
520 8 |a Целью настоящей работы является исследование основных характеристик (параметров) пьезоэлектрических преобразователей ультразвуковых импульсных дефектоскопов общего назначения. 
521 8 |a Книга из коллекции ПГУПС - Инженерно-технические науки 
100 1 |a Анисимова Г. В. 
856 4 |u https://e.lanbook.com/books/element.php?pl1_id=49113 
856 4 8 |u https://e.lanbook.com/img/cover/book/49113.jpg 
953 |a https://e.lanbook.com/img/cover/book/49113.jpg